01171nam a2200289 a 4500001001200000003000800012006001900020007001500039008004100054010001700095020001500112020001500127040002100142035002100163050002700184082001800211100001800229245012200247260005700369300002400426504006300450533015200513650004400665655002900709710001700738856012600755ebr10218105CaPaEBRm u cr cn|||||||||050207s2005 caua sb 001 0 eng  z 2005921838 z1412903181 z141290319X aCaPaEBRcCaPaEBR a(OCoLC)29053026014aLC3993.22b.S47 2005eb04a371.95/722221 aSmith, Chris.10aTeaching gifted and talented pupils in the primary schoolh[electronic resource] :ba practical guide /cChris Smith. aThousand Oaks, CA :bPCP / SAGE Publications,c2005. axv, 103 p. :bill. aIncludes bibliographical references (p. 99-100) and index. aElectronic reproduction.bPalo Alto, Calif. :cebrary,d2013.nAvailable via World Wide Web.nAccess may be limited to ebrary affiliated libraries. 0aGifted childrenxEducation (Elementary) 7aElectronic books.2local2 aebrary, Inc.40uhttp://site.ebrary.com/lib/rucke/Doc?id=10218105zAn electronic book accessible through the World Wide Web; click to view